Studies in architectural history (Record no. 7893)

000 -LEADER
fixed length control field 00328nam a22001337a 4500
003 - CONTROL NUMBER IDENTIFIER
control field OSt
005 - DATE AND TIME OF LATEST TRANSACTION
control field 20200530104044.0
008 - FIXED-LENGTH DATA ELEMENTS--GENERAL INFORMATION
fixed length control field 200530b ||||| |||| 00| 0 eng d
020 ## - INTERNATIONAL STANDARD BOOK NUMBER
International Standard Book Number 9788182903197
082 ## - DEWEY DECIMAL CLASSIFICATION NUMBER
Classification number 720.942
Item number SIN
245 ## - TITLE STATEMENT
Title Studies in architectural history
260 ## - PUBLICATION, DISTRIBUTION, ETC. (IMPRINT)
Place of publication, distribution, etc India
Name of publisher, distributor, etc Shubhi Publications
Date of publication, distribution, etc 2014
942 ## - ADDED ENTRY ELEMENTS (KOHA)
Source of classification or shelving scheme
Holdings
Withdrawn status Lost status Source of classification or shelving scheme Damaged status Koha normalized classification for sorting Not for loan Permanent location Current location Date acquired Full call number Barcode Date last seen Price effective from Koha item type
        720_942000000000000_SIN   BMS College of Architecture, Design and Planning BMS College of Architecture, Design and Planning 2020-05-30 720.942 SIN AR-UG1688 2020-05-30 2020-05-30 UG Books
        720_942000000000000_SIN   BMS College of Architecture, Design and Planning BMS College of Architecture, Design and Planning 2020-07-06 720.942 SIN AR-UG1689 2020-07-06 2020-07-06 UG Books
Copyright © 2025, The Librarian, Library and Information Centre, BMSCA D&P, Bengaluru. All Rights Reserved
web counter

Powered by Koha